000 01083nam0a22002651 4500
001 v19\rc\1735826
005 20260406084823.0
035 _a(NLR Aleph) 004830263
090 _a4714665
_c4714665
100 _a20061002d1902 |||y0rusy50 ca
101 1 _arus
_cger
102 _aRU
105 _ay z |||a|
200 1 _aЖажда жизни
_eДрама в 3 д.
_fАдольф Федоров
_gПер. с нем. И.Б. Мандельштам
210 _aМосква
_cлит. Моск. театр. б-ки С.Ф. Рассохина
_dценз. 1902
215 _a116 с.
_d22
309 _aНаписано от руки. Литогр.
700 1 _7ca
_8rus
_aФедоров
_bА. Ф.
_cпедагог, драматург
_f1864-1928
_gАдольф Федорович
_3RU\NLR\AUTH\770279461
_92651428
702 1 _4730
_7ca
_8rus
_aМандельштам
_bИ. Б.
_f1885-1954
_gИсай Бенедиктович
_9133045
_3RU\NLR\AUTH\770133079
801 0 _aRU
_bNLR
_gpsbo
801 1 _aRU
_bProSoft-M
_2rusmarc
852 _aNLR
_j38.8.9.7
942 _cBOOK
980 _aNB